000 01101nam2a22002291 4500
001 rc\899674
005 20250622103256.0
035 _a(NLR Aleph) 006241766
090 _a6672649
_c6672649
100 _a20041129d1983 |||y0rusy50 ca
101 0 _arus
102 _aRU
105 _aa |||||||||
200 1 _aПрофили радиусные, дуговые и бульбообразные
210 _d1983
_aБ. м.
215 _a494 с.
_cил.
461 0 _1001rc\899672
_12001#$aПрофили общего применения из алюминиевых и магниевых сплавов$eКаталог-справочник$f[Подгот. Всесоюз. ин-том лег. сплавов]$vЧ. 2
_96672631
_cМ.
_d1983
_f[Подгот. Всесоюз. ин-том лег. сплавов]
_nМеталлургия
_oКаталог-справочник
_tПрофили общего применения из алюминиевых и магниевых сплавов
_vЧ. 2
801 0 _aRU
_bNLR
_gpsbo
801 1 _aRU
_bELAR
_2rusmarc
852 _aNLR
_j83-5/4085
942 _cBOOK
980 _aNB